000 00446nam a2200193Ia 4500
005 20240823023718.0
008 240823s9999||||xx |||||||||||||| ||und||
020 _a81-7008-883-6
041 _aENGLISH
082 _A526.9 P9
100 _a"Punmia,B.C et al."
245 0 _aSurveying Vol II
250 _a15th
260 _c2009
_bLakshmi Puplications Ch
500 _aYES
650 _aSurveying
_bCivil
942 _cBK
999 _c182195
_d182195